[Event "Midland-ch op Major"]
[Site "Telford"]
[Date "2018.08.12"]
[Round "4.9"]
[White "O'Gorman, Brendan"]
[Black "Chidi, Lovinia Sylvia"]
[Result "1-0"]
[WhiteElo "1741"]
[BlackElo "1674"]
[PlyCount "49"]
[EventDate "2018.08.10"]
[EventType "swiss"]
[EventRounds "5"]
[EventCountry "ENG"]
[SourceTitle "EXT 2023"]
[Source "ChessBase"]
[SourceDate "2022.10.05"]
[SourceVersion "1"]
[SourceVersionDate "2022.10.05"]
[SourceQuality "1"]

1. Nf3 d6 2. d4 Nf6 3. c4 g6 4. Nc3 Bg7 5. Bg5 h6 6. Bh4 g5 7. Bg3 Nh5 8. e3 Nxg3 9. hxg3 Bf5 10. Bd3 Bxd3 11. Qxd3 Qd7 12. Nxg5 Nc6 13. Nf3 0-0-0 14. a3 e5 15. d5 Ne7 16. e4 f5 17. b4 Rhf8 18. c5 fxe4 19. Nxe4 dxc5 20. Nxc5 Qd6 21. Rc1 e4 22. Qxe4 Bb2 23. Rc2 Bxa3 24. 0-0 Kb8 25. Ra1 1-0

[Event "Midland-ch op Major"]
[Site "Telford"]
[Date "2018.08.11"]
[Round "2.7"]
[White "Sandhu, Manvith"]
[Black "Chidi, Lovinia Sylvia"]
[Result "1-0"]
[WhiteElo "1438"]
[BlackElo "1674"]
[PlyCount "113"]
[EventDate "2018.08.10"]
[EventType "swiss"]
[EventRounds "5"]
[EventCountry "ENG"]
[SourceTitle "EXT 2023"]
[Source "ChessBase"]
[SourceDate "2022.10.05"]
[SourceVersion "1"]
[SourceVersionDate "2022.10.05"]
[SourceQuality "1"]

1. e4 c5 2. Nf3 d6 3. d4 cxd4 4. Nxd4 Nf6 5. Nc3 a6 6. f3 g6 7. Be3 Bg7 8. Qd2 Nc6 9. Nb3 0-0 10. 0-0-0 b5 11. Bh6 Qb6 12. h4 Ne5 13. Bxg7 Kxg7 14. Nd5 Nxd5 15. exd5 Bf5 16. Nd4 Rac8 17. Nxf5+ gxf5 18. Qg5+ Kh8 19. Qxe7 Qc7 20. Qxc7 Rxc7 21. Bd3 f4 22. a3 Rfc8 23. c3 Rc5 24. Rhe1 Rxd5 25. Kc2 Rg8 26. Bf1 Rxd1 27. Rxd1 Rg6 28. Kb3 Nd7 29. Rd4 Rf6 30. c4 bxc4+ 31. Kxc4 Kg7 32. Kd5 Kf8 33. Bxa6 Ke7 34. Bd3 h6 35. b4 Kd8 36. b5 Kc7 37. Kc4 Kb6 38. Kb4 Nc5 39. a4 Ka7 40. a5 Kb7 41. Be4+ Ka7 42. b6+ Ka6 43. Bd3+ Kb7 44. Kb5 Nxd3 45. Rxd3 Rf5+ 46. Kb4 Ka6 47. Rxd6 Rb5+ 48. Kc4 Rxa5 49. Rxh6 Ra2 50. Kc5 Rxg2 51. Kc6 Rc2+ 52. Kd7 Rf2 53. Kc7 Rc2+ 54. Rc6 Rb2 55. b7+ Ka7 56. Kc8 Rxb7 57. Rc7 1-0

[Event "Erfurt op (Women)"]
[Site "Erfurt"]
[Date "2017.08.02"]
[Round "5"]
[White "Chidi, Lovinia Sylvia"]
[Black "Mundt, Alexandra"]
[Result "1/2-1/2"]
[WhiteElo "1716"]
[BlackElo "1563"]
[PlyCount "60"]
[EventDate "2017.07.31"]
[EventType "swiss"]
[EventRounds "9"]
[EventCountry "GER"]
[SourceTitle "CBM 179 Extra"]
[Source "ChessBase"]
[SourceDate "2017.08.23"]
[SourceVersion "1"]
[SourceVersionDate "2017.08.23"]
[SourceQuality "1"]

1. e4 e5 2. Nf3 Nf6 3. d3 Nc6 4. Be2 Bc5 5. c3 d6 6. h3 h6 7. a4 a5 8. 0-0 Bb6 9. Na3 Bd7 10. Nc2 Qc8 11. Kh2 g5 12. Ng1 Ne7 13. Be3 Ng6 14. g3 d5 15. exd5 Nxd5 16. Bxb6 cxb6 17. Bf3 Nde7 18. d4 h5 19. dxe5 h4 20. g4 Nxe5 21. Bg2 Qc7 22. Kh1 0-0-0 23. Qc1 Rhg8 24. Nd4 f5 25. f3 Rdf8 26. Qe3 Re8 27. Rfe1 Nd5 28. Qd2 fxg4 29. fxg4 Nf4 30. Be4 Nc4 1/2-1/2

[Event "Gibraltar Masters 14th"]
[Site "Caleta"]
[Date "2016.01.28"]
[Round "3"]
[White "Biegel, Thomas"]
[Black "Chidi, Lovinia Sylvia"]
[Result "1-0"]
[WhiteElo "2069"]
[BlackElo "1780"]
[PlyCount "57"]
[EventDate "2016.01.26"]
[EventType "swiss"]
[EventRounds "10"]
[EventCountry "GGB"]
[SourceTitle "CBM 171"]
[Source "ChessBase"]
[SourceDate "2016.03.14"]
[SourceVersion "2"]
[SourceVersionDate "2016.03.14"]
[SourceQuality "1"]

1. Nf3 Nf6 2. c4 d6 3. d4 g6 4. g3 Bg7 5. Bg2 0-0 6. 0-0 Nbd7 7. d5 h6 8. Nd4 Re8 9. h3 Nf8 10. e4 e5 11. Ne2 Kh7 12. Be3 a6 13. Nbc3 N8d7 14. Qd2 Rf8 15. b4 Ng8 16. c5 f5 17. exf5 gxf5 18. f4 Ngf6 19. fxe5 Nxe5 20. Bd4 Bd7 21. Nf4 Qe7 22. Rae1 Rae8 23. Qd1 Qf7 24. Kh1 Ng6 25. c6 bxc6 26. dxc6 Bc8 27. Nfd5 Rxe1 28. Rxe1 Nxd5 29. Bxd5 1-0

[Event "Golden Sands op-B"]
[Site "Golden Sands"]
[Date "2015.06.12"]
[Round "5"]
[White "Chidi, Lovinia Sylvia"]
[Black "Vatkovski, Mitko"]
[Result "1/2-1/2"]
[WhiteElo "1793"]
[BlackElo "1879"]
[PlyCount "75"]
[EventDate "2015.06.08"]
[EventType "swiss"]
[EventRounds "9"]
[EventCountry "BUL"]
[SourceTitle "CBM 167 Extra"]
[Source "ChessBase"]
[SourceDate "2015.09.14"]
[SourceVersion "1"]
[SourceVersionDate "2015.09.14"]
[SourceQuality "1"]

1. d4 Nf6 2. c4 c5 3. e3 cxd4 4. exd4 e6 5. Nf3 b6 6. Be2 Bb7 7. 0-0 d5 8. cxd5 Nxd5 9. Bg5 Nf6 10. Nc3 a6 11. Rc1 Be7 12. Qd2 0-0 13. Rfd1 Nd5 14. Nxd5 Bxd5 15. Bxe7 Qxe7 16. a3 b5 17. Qf4 Ra7 18. Ne5 f6 19. Nd3 Rd8 20. Qe3 Nd7 21. Nf4 Nb6 22. Bf1 Qd6 23. Bd3 g6 24. h4 Re7 25. Nxd5 Nxd5 26. Qf3 f5 27. b4 Red7 28. g3 Kg7 29. Rc5 Ne7 30. Bc2 Nd5 31. Bb3 Qe7 32. Re1 Qf6 33. Re5 Qf7 34. Kg2 Rd6 35. Bxd5 Rxd5 36. Rexd5 Rxd5 37. Rxd5 exd5 38. Qe3 1/2-1/2

[Event "Gibraltar Masters 11th"]
[Site "Caleta"]
[Date "2013.01.30"]
[Round "9"]
[White "Chidi, Lovinia Sylvia"]
[Black "Pribyl, Jaroslav1"]
[Result "0-1"]
[WhiteElo "1820"]
[BlackElo "1932"]
[PlyCount "86"]
[EventDate "2013.01.22"]
[EventType "swiss"]
[EventRounds "10"]
[EventCountry "GGB"]
[SourceTitle "CBM 153"]
[Source "ChessBase"]
[SourceDate "2013.03.14"]
[SourceVersion "1"]
[SourceVersionDate "2013.03.14"]
[SourceQuality "1"]

1. e4 c6 2. d4 d5 3. exd5 cxd5 4. Bd3 Nf6 5. Nf3 Bg4 6. h3 Bh5 7. c3 Nc6 8. Nbd2 e6 9. Qc2 Bd6 10. 0-0 Rc8 11. Qb1 a6 12. a4 Bg6 13. Re1 Qc7 14. b3 0-0 15. Bb2 b5 16. Bxg6 hxg6 17. axb5 axb5 18. Qd3 Rb8 19. b4 Nd7 20. Nb3 Nb6 21. Nc5 Nc4 22. Qc2 Ra8 23. Nd2 Nxb2 24. Qxb2 e5 25. Nf1 e4 26. Ne3 Ne7 27. Qe2 Qc6 28. Qb2 Rfb8 29. f3 f5 30. fxe4 fxe4 31. Qe2 Nf5 32. Rxa8 Qxa8 33. Nxf5 gxf5 34. Qh5 Rf8 35. Ne6 Qe8 36. Qxe8 Rxe8 37. Nc5 Ra8 38. Kf1 Bg3 39. Rc1 Ra2 40. Kg1 Bf2+ 41. Kh2 Be3 42. Rf1 f4 43. Kh1 Rc2 0-1

[Event "High Wycombe e2e4 op 10"]
[Site "High Wycombe"]
[Date "2012.10.14"]
[Round "4"]
[White "Chidi, Lovinia Sylvia"]
[Black "Price, Andrew"]
[Result "1/2-1/2"]
[WhiteElo "1819"]
[BlackElo "1911"]
[PlyCount "40"]
[EventDate "2012.10.12"]
[EventType "swiss"]
[EventRounds "5"]
[EventCountry "ENG"]
[SourceTitle "EXT 2023"]
[Source "ChessBase"]
[SourceDate "2022.10.05"]
[SourceVersion "1"]
[SourceVersionDate "2022.10.05"]
[SourceQuality "1"]

1. e4 e6 2. d3 c5 3. Nf3 Nc6 4. c3 d5 5. Nbd2 Qc7 6. g3 Nf6 7. Bg2 Be7 8. 0-0 dxe4 9. Nxe4 Nxe4 10. dxe4 0-0 11. Qc2 e5 12. Bg5 Be6 13. b3 Rfd8 14. Rfd1 Rxd1+ 15. Rxd1 Bg4 16. Bxe7 Qxe7 17. Rd2 Rd8 18. Rxd8+ Qxd8 19. Nd2 h6 20. Bf3 Bxf3 1/2-1/2

[Event "Gibraltar Masters 10th"]
[Site "Caleta"]
[Date "2012.01.27"]
[Round "4"]
[White "Chidi, Lovinia Sylvia"]
[Black "Savage, Neil"]
[Result "1-0"]
[WhiteElo "1821"]
[BlackElo "1645"]
[PlyCount "60"]
[EventDate "2012.01.24"]
[EventType "swiss"]
[EventRounds "10"]
[EventCountry "GGB"]
[SourceTitle "CBM 147"]
[Source "ChessBase"]
[SourceDate "2012.03.16"]
[SourceVersion "1"]
[SourceVersionDate "2012.03.16"]
[SourceQuality "1"]

1. e4 c5 2. Nf3 Nc6 3. Bc4 a6 4. a4 d6 5. Nc3 Nf6 6. 0-0 Bg4 7. h3 Bxf3 8. Qxf3 e6 9. Qd1 Be7 10. d3 d5 11. exd5 Nxd5 12. Bd2 Nf6 13. Re1 0-0 14. Ne2 Qd7 15. Nc3 Rfd8 16. a5 Nd4 17. Na4 Qc6 18. Nb6 Ra7 19. c3 Nf5 20. Qe2 Nd7 21. Na4 Bf6 22. Bb3 Ne5 23. Bc2 Nxd3 24. Bxd3 Nh4 25. Be4 Rxd2 26. Qxd2 Qb5 27. Qe2 Qxa5 28. g3 Ng6 29. f4 b5 30. Nxc5 Qb6 1-0

[Event "Gibraltar Challengers-A 10th"]
[Site "Caleta"]
[Date "2012.01.25"]
[Round "3"]
[White "Kandic, Milan"]
[Black "Chidi, Lovinia Sylvia"]
[Result "1-0"]
[WhiteElo "2131"]
[BlackElo "1821"]
[PlyCount "69"]
[EventDate "2012.01.23"]
[EventType "swiss"]
[EventRounds "5"]
[EventCountry "GGB"]
[SourceTitle "CBM 146 Extra"]
[Source "ChessBase"]
[SourceDate "2012.02.29"]
[SourceVersion "1"]
[SourceVersionDate "2012.02.29"]
[SourceQuality "1"]

1. d4 d5 2. Nf3 Nf6 3. Bf4 e6 4. e3 c5 5. h3 Nc6 6. Ne5 Qb6 7. b3 cxd4 8. Nxc6 bxc6 9. exd4 a5 10. a3 c5 11. Be3 cxd4 12. Bxd4 Bc5 13. Bxc5 Qxc5 14. Nd2 0-0 15. Be2 Ne4 16. Nxe4 dxe4 17. 0-0 Bb7 18. c4 Rfd8 19. Qc1 g6 20. Re1 Rd7 21. Qe3 Qc7 22. Red1 Rad8 23. Rxd7 Rxd7 24. b4 f5 25. g3 e5 26. c5 Kg7 27. Qc3 Kh6 28. Rc1 Qc6 29. b5 Qf6 30. c6 Rc7 31. Qd2+ e3 32. Qxe3+ f4 33. Qf3 Bc8 34. b6 Bxh3 35. bxc7 1-0

[Event "London Classic op"]
[Site "London"]
[Date "2011.12.10"]
[Round "8"]
[White "Frank Nielsen, Marie"]
[Black "Chidi, Lovinia Sylvia"]
[Result "1-0"]
[WhiteElo "2015"]
[BlackElo "1815"]
[PlyCount "75"]
[EventDate "2011.12.03"]
[EventType "swiss"]
[EventRounds "9"]
[EventCountry "ENG"]
[SourceTitle "CBM 145 Extra"]
[Source "ChessBase"]
[SourceDate "2012.01.03"]
[SourceVersion "1"]
[SourceVersionDate "2012.01.03"]
[SourceQuality "1"]

1. e4 c5 2. c3 g6 3. d4 cxd4 4. cxd4 Bg7 5. Nf3 d6 6. Be2 e6 7. 0-0 Ne7 8. Be3 a6 9. Qd2 Nbc6 10. Rd1 d5 11. Bd3 dxe4 12. Bxe4 Nd5 13. Bg5 Qa5 14. Nc3 0-0 15. Bh6 Nf6 16. Bc2 Qh5 17. Bxg7 Kxg7 18. Ne2 Qa5 19. Qf4 Ne7 20. Ne5 Nh5 21. Qh4 Nf5 22. Bxf5 exf5 23. d5 Nf6 24. Qd4 b5 25. Rac1 Qa4 26. b4 a5 27. a3 axb4 28. axb4 Qa7 29. Qxa7 Rxa7 30. d6 Be6 31. Nd4 Bc4 32. Nxc4 bxc4 33. Rxc4 Rd8 34. h3 Ra2 35. Nc6 Rd7 36. Ne5 Rd8 37. Rc7 Ne4 38. Nxf7 1-0

[Event "London Classic op"]
[Site "London"]
[Date "2011.12.05"]
[Round "3"]
[White "Chidi, Lovinia Sylvia"]
[Black "McKenna, Jason P"]
[Result "0-1"]
[WhiteElo "1815"]
[BlackElo "2110"]
[PlyCount "72"]
[EventDate "2011.12.03"]
[EventType "swiss"]
[EventRounds "9"]
[EventCountry "ENG"]
[SourceTitle "CBM 145 Extra"]
[Source "ChessBase"]
[SourceDate "2012.01.03"]
[SourceVersion "1"]
[SourceVersionDate "2012.01.03"]
[SourceQuality "1"]

1. e4 g6 2. d4 Bg7 3. Nc3 d6 4. Nf3 Nf6 5. Be3 c6 6. Qd2 0-0 7. Be2 Qc7 8. Bh6 b5 9. Bxg7 Kxg7 10. a3 Nbd7 11. b4 Bb7 12. 0-0 a6 13. Bd3 e5 14. Rfe1 Rac8 15. Ne2 exd4 16. c4 bxc4 17. Bxc4 Nxe4 18. Qxd4+ Ndf6 19. Ng3 d5 20. Nxe4 dxe4 21. Nd2 c5 22. bxc5 Qxc5 23. Qxc5 Rxc5 24. Bf1 Rd8 25. Nb3 Rc3 26. Na5 Bd5 27. Reb1 Rd6 28. Nb7 Bxb7 29. Rxb7 Rc2 30. Re1 Rdd2 31. f3 exf3 32. gxf3 Nd5 33. Rd7 Kf6 34. Bxa6 Rg2+ 35. Kh1 Rxh2+ 36. Kg1 Rcg2+ 0-1

[Event "London Classic op"]
[Site "London"]
[Date "2011.12.04"]
[Round "2"]
[White "Gagare, Shardul"]
[Black "Chidi, Lovinia Sylvia"]
[Result "1-0"]
[WhiteElo "2275"]
[BlackElo "1815"]
[PlyCount "65"]
[EventDate "2011.12.03"]
[EventType "swiss"]
[EventRounds "9"]
[EventCountry "ENG"]
[SourceTitle "CBM 145 Extra"]
[Source "ChessBase"]
[SourceDate "2012.01.03"]
[SourceVersion "1"]
[SourceVersionDate "2012.01.03"]
[SourceQuality "1"]

1. c4 Nf6 2. g3 g6 3. Bg2 Bg7 4. Nc3 c6 5. e4 e5 6. Nge2 d6 7. 0-0 Be6 8. b3 Qd7 9. d4 Nh5 10. Ba3 0-0 11. dxe5 Bxe5 12. f4 Bg7 13. Bxd6 Rd8 14. e5 Bh3 15. Nd4 Na6 16. Ne4 Bxg2 17. Kxg2 f5 18. Ng5 Re8 19. b4 h6 20. Ngf3 Nc7 21. Nh4 Ne6 22. Ndxf5 Nhxf4+ 23. gxf4 gxf5 24. Nxf5 Qf7 25. Qg4 Kh7 26. Ng3 Rg8 27. f5 Nf8 28. Qe4 Bh8 29. Rae1 Rg5 30. e6 Qf6 31. Be7 Qc3 32. Bxg5 hxg5 33. e7 1-0

[Event "Albena op 19th"]
[Site "Albena"]
[Date "2011.06.25"]
[Round "1"]
[White "Chidi, Lovinia Sylvia"]
[Black "Spassov, Liuben"]
[Result "0-1"]
[WhiteElo "1822"]
[BlackElo "2384"]
[PlyCount "88"]
[EventDate "2011.06.25"]
[EventType "swiss"]
[EventRounds "9"]
[EventCountry "BUL"]
[SourceTitle "CBM 143 Extra"]
[Source "ChessBase"]
[SourceDate "2011.08.29"]
[SourceVersion "1"]
[SourceVersionDate "2011.08.29"]
[SourceQuality "1"]

1. e4 c5 2. Nf3 e6 3. Nc3 a6 4. d4 cxd4 5. Nxd4 b5 6. a3 Bb7 7. Be2 Qc7 8. 0-0 Nf6 9. Bf3 d6 10. Bg5 Nbd7 11. Re1 Be7 12. Qd2 0-0 13. Rad1 Ne5 14. Bxf6 Bxf6 15. Be2 Rfd8 16. Bf1 Rac8 17. Qe3 h5 18. h3 h4 19. f4 Nc6 20. Nf3 b4 21. axb4 Nxb4 22. Bd3 Bxc3 23. bxc3 Qxc3 24. Nxh4 Nxc2 25. Bxc2 Qxc2 26. Rc1 Qa4 27. Qb6 Bxe4 28. Rxc8 Rxc8 29. Qxd6 Qc6 30. Qe5 Bd5 31. Kh2 a5 32. Re3 Qc7 33. Qg5 Qd8 34. Qh5 Qf6 35. f5 Qh6 36. Qxh6 gxh6 37. fxe6 Bxe6 38. Kg3 Rc4 39. Nf3 a4 40. Ne5 Rd4 41. Nf3 Rb4 42. Ra3 Kf8 43. Kf2 Rb2+ 44. Ke3 Bb3 0-1

[Event "Gatwick e2e4 op-B"]
[Site "Gatwick"]
[Date "2011.06.18"]
[Round "2"]
[White "Chidi, Lovinia Sylvia"]
[Black "Evans, Helen I"]
[Result "1/2-1/2"]
[WhiteElo "1822"]
[BlackElo "1622"]
[PlyCount "84"]
[EventDate "2011.06.17"]
[EventType "swiss"]
[EventRounds "5"]
[EventCountry "ENG"]
[SourceTitle "EXT 2014"]
[Source "ChessBase"]
[SourceDate "2013.11.20"]
[SourceVersion "1"]
[SourceVersionDate "2013.11.20"]
[SourceQuality "1"]

1. e4 d6 2. d4 Nf6 3. Nc3 c6 4. Nf3 Bg4 5. Be2 e6 6. h3 Bh5 7. Be3 Be7 8. Qd2 d5 9. exd5 cxd5 10. 0-0 0-0 11. a3 a6 12. Nh2 Bxe2 13. Qxe2 Nc6 14. Qd3 b5 15. Ne2 Rc8 16. c3 Na5 17. Rae1 Nc4 18. Bc1 Qc7 19. f4 g6 20. Nf3 Ne4 21. Ne5 a5 22. Rf3 b4 23. axb4 axb4 24. Ref1 bxc3 25. bxc3 Ra8 26. Nxc4 Qxc4 27. Qxc4 dxc4 28. Ng3 Nf6 29. Rd1 Nd5 30. Bd2 Ra2 31. Be1 Rfa8 32. Ne4 R8a3 33. g3 Rc2 34. Rf2 Rxf2 35. Kxf2 Ra2+ 36. Rd2 Ra3 37. Rc2 Kg7 38. Bd2 h6 39. h4 Rb3 40. Ke2 Ba3 41. Be1 Be7 42. Bf2 Ra3 1/2-1/2

[Event "London Classic Busy op"]
[Site "London"]
[Date "2010.12.12"]
[Round "4"]
[White "Musthapha, Othman"]
[Black "Chidi, Lovinia Sylvia"]
[Result "0-1"]
[WhiteElo "1699"]
[BlackElo "1814"]
[PlyCount "85"]
[EventDate "2010.12.11"]
[EventType "swiss"]
[EventRounds "5"]
[EventCountry "ENG"]
[SourceTitle "CBM 139 Extra"]
[Source "ChessBase"]
[SourceDate "2011.01.05"]
[SourceVersion "1"]
[SourceVersionDate "2011.01.05"]
[SourceQuality "1"]

1. e4 c5 2. Nf3 d6 3. d4 cxd4 4. Nxd4 Nf6 5. Nc3 a6 6. Bc4 e6 7. Bb3 Be7 8. f4 Qc7 9. 0-0 Nc6 10. Be3 Nxd4 11. Bxd4 e5 12. Be3 0-0 13. Nd5 Nxd5 14. exd5 f6 15. a4 Bd7 16. a5 Qc8 17. fxe5 fxe5 18. Qd2 Bg4 19. Rxf8+ Bxf8 20. Rf1 Qd7 21. Qb4 Bh5 22. Ba4 Qe7 23. Rf5 Bg6 24. Bg5 Qc7 25. Rf2 Rc8 26. Qg4 Qc4 27. Qe6+ Kh8 28. Bc6 Rb8 29. Bxb7 Qd4 30. c3 Qa7 31. Qd7 h6 32. Bd8 Rxb7 33. Bb6 Rxd7 34. Rxf8+ Kh7 35. Bxa7 Rxa7 36. Rd8 Rb7 37. Rxd6 Rxb2 38. Rxa6 Rc2 39. Rc6 e4 40. a6 e3 41. h3 Be4 42. Re6 Rxg2+ 43. Kf1 0-1

[Event "Gibraltar Challengers-B 8th"]
[Site "Caleta"]
[Date "2010.02.01"]
[Round "2"]
[White "Pendlebury, Ian G"]
[Black "Chidi, Lovinia Sylvia"]
[Result "1-0"]
[WhiteElo "2091"]
[BlackElo "1832"]
[PlyCount "87"]
[EventDate "2010.01.31"]
[EventType "swiss"]
[EventRounds "5"]
[EventCountry "GGB"]
[SourceTitle "EXT 2011"]
[Source "ChessBase"]
[SourceDate "2010.11.26"]
[SourceVersion "1"]
[SourceVersionDate "2010.11.26"]
[SourceQuality "1"]

1. d4 d5 2. Nf3 Nf6 3. c3 e6 4. Bg5 Be7 5. Nbd2 Nbd7 6. e3 h6 7. Bf4 c5 8. Bd3 a6 9. Ne5 Nxe5 10. dxe5 Nd7 11. Bg3 Bh4 12. f4 Bxg3+ 13. hxg3 c4 14. Bc2 Qb6 15. 0-0 Qxe3+ 16. Kh2 h5 17. Nf3 Qb6 18. b3 Qc7 19. b4 b6 20. Kg1 g6 21. Ng5 Nf8 22. Rb1 b5 23. Nf3 Bd7 24. Nd4 h4 25. Qg4 hxg3 26. Qxg3 0-0-0 27. a4 g5 28. fxg5 bxa4 29. Rxf7 Qb6 30. g6 Nxg6 31. Bxg6 Rdg8 32. Rf6 a5 33. Qf2 Rh6 34. Bf7 Rgh8 35. Rxh6 Rxh6 36. Qf4 Rh8 37. Qf6 Rd8 38. Bg6 a3 39. Qf2 Rg8 40. Bh5 a4 41. Ra1 Qd8 42. Qf6 Rf8 43. Qxd8+ Kxd8 44. Rxa3 1-0

[Event "Gibraltar Masters 8th"]
[Site "Caleta"]
[Date "2010.01.29"]
[Round "4"]
[White "Chidi, Lovinia Sylvia"]
[Black "Getz, Nicolai"]
[Result "0-1"]
[WhiteElo "1832"]
[BlackElo "2280"]
[PlyCount "62"]
[EventDate "2010.01.26"]
[EventType "swiss"]
[EventRounds "10"]
[EventCountry "GGB"]
[SourceTitle "CBM 134 Extra"]
[Source "ChessBase"]
[SourceDate "2010.03.03"]
[SourceVersion "1"]
[SourceVersionDate "2010.03.03"]
[SourceQuality "1"]

1. e4 e5 2. Nf3 Nc6 3. Bb5 a6 4. Ba4 Nf6 5. 0-0 b5 6. Bb3 Be7 7. Re1 d6 8. h3 Na5 9. c3 Nxb3 10. axb3 Bb7 11. d3 0-0 12. Bg5 h6 13. Bxf6 Bxf6 14. d4 exd4 15. cxd4 g6 16. Nc3 Bg7 17. Qd2 f5 18. Rad1 b4 19. Ne2 fxe4 20. Nh2 Qf6 21. Ng4 Qh4 22. Qxb4 Bc8 23. Qc4+ Kh7 24. Qc3 Bxg4 25. hxg4 Qxf2+ 26. Kh1 Qh4+ 27. Kg1 c5 28. Qg3 Bxd4+ 29. Rxd4 Qxg3 30. Nxg3 cxd4 31. Nxe4 d5 0-1